Normal view
MARC view
- Rape victims
Entry Topical Term
001 - CONTROL NUMBER
- control field: 37232
003 - CONTROL NUMBER IDENTIFIER
- control field: OSt
005 - DATE AND TIME OF LATEST TRANSACTION
- control field: 20150118143406.0
008 - FIXED-LENGTH DATA ELEMENTS
- fixed length control field: 150118|| aca||babn | a|a d
040 ## - CATALOGING SOURCE
- Original cataloging agency: OSt
150 ## - HEADING--TOPICAL TERM
- Topical term or geographic name as entry element: Rape victims
- Geographic subdivision: Italy
- Form subdivision: Fiction